000
00295nam a2200109Ia 4500
005
20251222143213.0
008
251222s9999||||xx |||||||||||||| ||spa||
082
_a
379.85/C76H
245
0
_a
Hacia un Proyecto Educativo Nacional 2006-2021
264
_b
Consejo Nacional de Educación
942
_c
LIB
999
_c
13526
_d
13526